NFL Pro Bowl Tight Ends 2010s - Statistics

General Stats
  • This quiz has been taken 315 times
    40 since last reset
  • The average score is 39 of 61
Answer Stats
Season Team Player % Correct
2019 Chiefs Travis Kelce
100%
2018 Chiefs Travis Kelce
100%
2017 Chiefs Travis Kelce
100%
2016 Chiefs Travis Kelce
100%
2015 Chiefs Travis Kelce
100%
2019 49ers George Kittle
97%
2018 49ers George Kittle
97%
2019 Ravens Mark Andrews
95%
2017 Patriots Rob Gronkowski
95%
2015 Patriots Rob Gronkowski
95%
2014 Patriots Rob Gronkowski
95%
2012 Patriots Rob Gronkowski
95%
2011 Patriots Rob Gronkowski
95%
2019 Eagles Zach Ertz
92%
2018 Eagles Zach Ertz
92%
2017 Eagles Zach Ertz
92%
2017 Cowboys Jason Witten
84%
2014 Cowboys Jason Witten
84%
2013 Cowboys Jason Witten
84%
2012 Cowboys Jason Witten
84%
2010 Cowboys Jason Witten
84%
2016 Panthers Greg Olsen
73%
2015 Panthers Greg Olsen
73%
2014 Panthers Greg Olsen
73%
2013 Falcons Tony Gonzalez
73%
2012 Falcons Tony Gonzalez
73%
2011 Falcons Tony Gonzalez
73%
2010 Falcons Tony Gonzalez
73%
2011 Chargers Antonio Gates
70%
2010 Chargers Antonio Gates
70%
2017 Seahawks Jimmy Graham
68%
2016 Seahawks Jimmy Graham
68%
2014 Saints Jimmy Graham
68%
2013 Saints Jimmy Graham
68%
2011 Saints Jimmy Graham
68%
2014 Broncos Julius Thomas
51%
2013 Broncos Julius Thomas
51%
2012 Steelers Heath Miller
49%
2013 49ers Vernon Davis
49%
2010 Raider Zach Miller
49%
2017 Vikings Kyle Rudolph
46%
2012 Vikings Kyle Rudolph
46%
2019 Falcons Austin Hooper
43%
2018 Falcons Austin Hooper
43%
2017 Titans Delanie Walker
41%
2016 Titans Delanie Walker
41%
2015 Titans Delanie Walker
41%
2015 Browns Gary Barnidge
38%
2016 Redskins Jordan Reed
38%
2010 Jaguars Marcedes Lewis
38%
2015 Bengals Tyler Eifert
38%
2018 Colts Eric Ebron
35%
2019 Saints Jared Cook
35%
2018 Raiders Jared Cook
35%
2019 Colts Jack Doyle
30%
2017 Colts Jack Doyle
30%
2012 Bengals Jermaine Gresham
27%
2011 Bengals Jermaine Gresham
27%
2014 Bears Martellus Bennett
27%
2012 Texans Owen Daniels
22%
2013 Browns Jordan Cameron
14%
No matching quizzes found
Score Distribution
Percent of People with Each Score
Percentile by Number Answered
Your Score History
You have not taken this quiz since the last reset